000 00657 a2200193 4500
010 _aENG-85174
020 _a8180545067
_c100.00
035 _aEN-68707
037 _bD.B.Act / Pub
082 1 4 _a657.7
090 _c1569
_d1569
100 1 _aGupta, C. B.
245 1 _aBasic business communication
_cby C. B.Gupta
260 _aNew Delhi
_bSultan Chand & Sons
_c2006
270 _a23, Daryaganj
_bNew Delhi
_e110 002
_k011-23243183, 011- 23247051, 011-23266105
_l011-23266357
300 _axii, various pagings
_b24 cm (Pbk.)
942 _adpl
_cEN
_k657.7 / GUP
999 _c1543
_d1543